000 00723nam a2200181 i 4500
001 59415
003 ES-MaACL
005 20230906164028.0
007 t|
008 031029s1967 sp ||||1| spa d
245 0 0 _aEnsayo de diagnóstico económico de la provincia de León /
_cformulado por la "Societé d'Etudes pour le Dévelppement Economique et Social".
260 _a[S.l. :
_bs.n.,
_c1967] (
_eLeón :
_fImp. Provincial)
300 _aIII, 214 p. ;
_c25 cm.
500 _aPrecede al tít.: Diputación Provincial de León.
710 2 _aSocieté d'Etudes pour le Développement Economique et Social.
_96837
710 2 _aLeón (Provincia).
_bDiputación Provincial.
_95494
852 _aES-MaACL
_jC-32983
_bR.63581
999 _c59415
_d59415